| 000 | 00662nam a2200181Ia 4500 | ||
|---|---|---|---|
| 008 | 100921s9999 xx 000 0 und d | ||
| 082 |
_b20044 _a891.463 थ 86 |
||
| 100 | _aमारिया कॅरोलिना,अनु,पदकी मंगेश. | ||
| 245 | _aकाळोखाची लेक. | ||
| 260 |
_bअजब पुस्तकालय,कोल्हापूर. _c1986 |
||
| 300 |
_a174 _b--- |
||
| 365 | _b45 | ||
| 520 | _aललित-कादंबरी. | ||
| 630 | _aकाळोखाची लेक. | ||
| 650 | _aललित-कादंबरी. | ||
| 730 | _aकाळोखाची लेक. | ||
| 942 | _cBOOK | ||
| 999 |
_c769157 _d769154 |
||